Statistiques concernant VB irréguliers allemand #2

Cliquez ici pour prendre le quiz!

Statistiques générales

  • Ce quiz a été pris 8 fois
  • Le résultat moyen est 30 sur 39

Statistiques - réponses

InfinitifPrésentPrétéritParfaitTraduction% Correct
SchreibenSchreibtSchriebHat geschriebenEcrire
100%
BeginnenBeginntBegannHat begonnenCommencer
88%
BindenBindetBandHat gebundenAttacher
88%
BittenBIttetBatHat gebetenPrier
88%
FindenFindetFandHat gefundenTrouver
88%
FliegenFliegtFlogIst geflogenVoler
88%
FliehenFliehtFlohIst geflohenFuir
88%
GewinnenGewinntGewannHat gewonnenGagner
88%
KommenKommtKamIst gekommenVenir
88%
LiegenLiegtLagHat gelegenEtre couché
88%
SchwimmenSchwimmtSchwammist geschwommennager
88%
SingenSingtSangHat gesungenChanter
88%
SitzenSitztSassHat gesessenEtre assis
88%
SpringenSpringtSprangIst gesprungenSauter
88%
TrinkenTrinktTrankHat getrunkenBoire
88%
BetrügenBetrügtBetrogHat betrogenTromper
75%
BiegenBiegtBogHat gebogenCourber
75%
BietenBietetBatHat gebotenOffrir
75%
BringenBringtBrachteHat gebrachtApporter
75%
FliessenFliesstFlossIst geflossenCouler
75%
FrierenFriertFrorHat gefrorenGeler
75%
GreifenGreiftGriffHat gegriffenAttraper
75%
LeihenLeihtLiehHat geliehenPrêter
75%
LügenLügtLogHat gelogenMentir
75%
ReichenRiechtRochHat gerochenSentir
75%
RufenRuftRiefhat gerufenappeler
75%
SchliessenSchliesstSchlossHat geschlossenFermer
75%
SteigenSteigtStiegIts gestiegenMonter
75%
StreitenStreitetStrittHat gestrittenDisputer
75%
VerlierenVerliertVerlorHat verlorenPerdre
75%
VerschwindenVerschwindetVerschwandIst verschwundenDIsparaître
75%
ZiehenZiehtZogHat gezogenTirer
75%
ZwingenZwingtZwangHat gezwungenObliger
75%
GelingenGelingtGelangIst gelungenRéussir
63%
SchreienSchreitSchrieHat geschrienCrier
63%
SchweigenSchweigtSchwiegHat geschwiegenSe taire
63%
TunTutTanHat getanFaire
63%
WissenWeissWussteHat gewusstSavoir
50%
SchneinenSchneitSchienHat geschienenSembler
13%

Distribution des résultats

Percentile par nombre de réponses

% des personnes avec chaque résultat

Votre développement - résultats

Vous n’avez pas pris ce quiz